|
|
|
|
| LEADER |
00000nam0a2200000 4500 |
| 001 |
48955 |
| 005 |
20231101211157.0 |
| 010 |
|
|
|a 5732505598
|
| 035 |
|
|
|a (RuTPU)RU\TPU\book\51275
|
| 090 |
|
|
|a 48955
|
| 100 |
|
|
|a 20030324d2003 m y0rusy50 ca
|
| 101 |
0 |
|
|a rus
|
| 102 |
|
|
|a RU
|
| 105 |
|
|
|a a j 001zy
|
| 200 |
1 |
|
|a Газосварщик
|e учебное пособие
|f Р. Г. Полякова
|
| 210 |
|
|
|a СПб.
|c Политехника
|d 2003
|
| 215 |
|
|
|a 354 с.
|c ил.
|
| 320 |
|
|
|a Библиогр.: с. 351-352.
|
| 606 |
1 |
|
|a Газовая сварка
|2 stltpush
|3 (RuTPU)RU\TPU\subj\72773
|9 86167
|
| 610 |
1 |
|
|a газосварка
|
| 610 |
1 |
|
|a охрана труда
|
| 610 |
1 |
|
|a безопасность
|
| 610 |
1 |
|
|a противопожарные мероприятия
|
| 610 |
1 |
|
|a сварочные материалы
|
| 610 |
1 |
|
|a сварочное пламя
|
| 610 |
1 |
|
|a металлургические процессы
|
| 610 |
1 |
|
|a газосварочная аппаратура
|
| 610 |
1 |
|
|a оборудование
|
| 610 |
1 |
|
|a кислородная резка
|
| 610 |
1 |
|
|a учебные пособия
|
| 675 |
|
|
|a 621.791.5(07)
|v 3
|
| 700 |
|
1 |
|a Полякова
|b Р. Г.
|g Раиса Григорьевна
|
| 801 |
|
1 |
|a RU
|b 63413507
|c 20030324
|g PSBO
|
| 801 |
|
2 |
|a RU
|b 63413507
|c 20131205
|g PSBO
|
| 942 |
|
|
|c BK
|